| 000 | 00709nam a2200205 i 4500 | ||
|---|---|---|---|
| 001 | 129058 | ||
| 003 | ES-MaACL | ||
| 005 | 20250907063109.0 | ||
| 007 | t| | ||
| 008 | 070605s1958 sp ||||1| spa d | ||
| 080 | _a266.5(460) | ||
| 100 | 0 |
_aTedeschini, Federico, _cCardenal _9109509 |
|
| 245 | 1 | 0 |
_aDiscursos y cartas sobre Acción Católica Española / _cFederico Tedeschini ; publicación y prólogo de J. de F. |
| 260 |
_aSantiago de Compostela : _b[s.n.], _c1958 ( _fImp. Paredes) |
||
| 300 |
_aXXI, 150 p. : _bil. ; _c25 cm. |
||
| 610 | 2 | 4 |
_aAcción Católica Española. _91243 |
| 700 | 1 |
_aFrancisco Iglesias, Julia de. _952195 |
|
| 852 | 4 |
_aES-MaACL _jC-15800 |
|
| 999 |
_c129058 _d129058 |
||